Logo BPK

Biblioteka

Politechniki Koszalińskiej

Nowa fenomenologia / (Rekord nr 45564)

Szczegóły MARC
000 -ETYKIETA REKORDU
podpole kontrolne o stałej długości 01140nam a2200301 i 4500
001 - NUMER KONTROLNY REKORDU
pole kontrolne bg
003 - IDENTYFIKATOR NUMERU KONTROLNEGO REKORDU
podpole kontrolne BPK
005 - DATA OSTATNIEJ MODYFIKACJI REKORDU
podpole kontrolne 20241206062919.0
008 - POLE O STAŁEJ DŁUGOŚCI - DANE KONTROLNE
podpole kontrolne o stałej długości 980216s1995 pl f |000 0 pol
015 ## - NUMER BIBLIOGRAFII NARODOWEJ
Numer bibliografii narodowej PB 1998/1129
020 ## - MIĘDZYNARODOWY ZNORMALIZOWANY NUMER KSIĄŻKI - ISBN
ISBN 8370920195
040 ## - ŹRÓDŁO KATALOGOWANIA
Instytucja, która sporządziła opis WA N
Instytucja, która utworzyła rekord BPK
041 1# - KOD JĘZYKA
Kod języka tekstu pol
Kod języka oryginału ger
080 ## - UNIWERSALNA KLASYFIKACJA DZIESIĘTNA - UKD
UKD 165
080 ## - UNIWERSALNA KLASYFIKACJA DZIESIĘTNA - UKD
UKD 801.7
100 1# - NAZWA OSOBOWA
Nazwa osobowa Schmitz, Hermann
Daty związane z nazwą (1928- ).
245 10 - TYTUŁ/ODPOWIEDZIALNOŚĆ
Tytuł Nowa fenomenologia /
Pozostałe elementy strefy tytułu i oznaczenia odpowiedzialności Herman Schmitz ; przekł. [z niem.] Bolesław Andrzejewski ; Uniwersytet im. Adama Mickiewicza w Poznaniu. Wydawnictwo Naukowe Instytutu Filozofii.
246 15 - WARIANT TYTUŁU
Tytuł Neue Phänomenologie
260 ## - STREFA ADRESU WYDAWNICZEGO
Miejsce wydania Poznań :
Nazwa wydawcy/dystrybutora UAM. Wydaw. Naukowe IF,
Data publikacji, dystrybucji/powstania dokumentu 1995.
300 ## - STREFA OPISU FIZYCZNEGO
Objętość 104 s. ;
Rozmiary 21 cm.
534 ## - UWAGA DOTYCZĄCA PODSTAWY REPRODUKCJI (WERSJI ORYGINALNEJ)
Zwrot wprowadzający Oryg. :
Hasło główne oryginału Schmitz, Hermann.
Tytuł oryginału Neue Phänomenologie.
Adres wydawniczy oryginału 1980.
650 #4 - HASŁO PRZEDMIOTOWE W FORMIE NAZWY OGÓLNEJ LUB JEDNOSTKOWEJ
Nazwa ogólna lub geograficzna Fenomenologia
650 #4 - HASŁO PRZEDMIOTOWE W FORMIE NAZWY OGÓLNEJ LUB JEDNOSTKOWEJ
Nazwa ogólna lub geograficzna Hermeneutyka
710 2# - HASŁO DODATKOWE - NAZWA CIAŁA ZBIOROWEGO
Nazwa ciała zbiorowego lub jednostki geograficznej Uniwersytet im. Adama Mickiewicza (Poznań).
Nazwa jednostki podrzędnej Instytut Filozofii.
-- Wydawnictwo.
Kod określenia powiązania pbl.
700 1# - HASŁO DODATKOWE - NAZWA OSOBOWA
Nazwa osobowa Andrzejewski, Bolesław
Daty związane z nazwą (1946- )
Określenie związku między hasłem a opisywanym materiałem Tłumaczenie
856 ## - LOKALIZACJA I DOSTĘP DO ELEKTRONICZNYCH DOKUMENTÓW ZDALNYCH
Link (URL) http://koha.tu.koszalin.pl/cgi-bin/koha/opac-detail.pl?biblionumber=45564
Tekst linku Katalog online BPK
942 ## - DODATKOWE ELEMENTY (KOHA)
Schemat klasyfikacji Uniwersalna Klasyfikacja Dziesiętna
Typ dokumentu Książka
Egzemplarze
Wycofany Status egzemplarza Uszkodzony Dostępność Lokalizacja stała Lokalizacja bieżąca Miejsce przechowywania Sygnatura Kod kreskowy Typ dokumentu
      Tylko na miejscu Biblioteka Politechniki Koszalińskiej Biblioteka Politechniki Koszalińskiej Czytelnia Wydziałowa ul. Kwiatkowskiego 6e 74508 02246345 Książka
© 2023 Biblioteka Politechniki Koszalińskiej :: KOHA